Športový areál Hagibor v Prahe

Bibliographic Details
Main Author: Siegel, Jiří, 1927- (Author)
Format: Article
Language:Slovak
PhysicalDescription:Obr. 3. Res. rus., nem., angl., franc.
Subjects:

MARC

LEADER 00000nab a2200000 a 4500
001 vtls000062492
003 SK-MaSNL
005 20260304065214.0
008 250422c1980 xo 0 slo
015 |a SNBRB19rr/mm-uuuuu 
035 |a CL0072592 
035 |a urn:nbn:sk:snk-abdkjf 
035 |a (urnnbn)urn:nbn:sk:snk:ar-000txi 
035 |a (uuid)a9dbfcd8-f09e-491c-b7b6-975c00170af9 
040 |a SNKBUCL  |b slo  |c SNKBUCL  |e AACR2 
041 0 |a slo 
044 |a xo  |c SK 
080 |a 725  |2 1981 
100 1 |a Siegel, Jiří,  |d 1927-  |4 aut  |9 1352639 
245 1 0 |a Športový areál Hagibor v Prahe  |c Jiří Siegel 
300 |b Obr. 3. Res. rus., nem., angl., franc. 
650 0 7 |a areály športové  |2 snkbucl  |9 988675 
650 0 7 |a Hagibor, Praha  |2 snkbucl  |9 1353991 
655 7 |a články z novín a časopisov  |2 snkbucl  |9 267496 
773 0 |t Projekt  |g Roč. 22, č. 4-5 (1980), s. 20 
850 |a Slovenská národná knižnica 
852 |a Slovenská národná knižnica 
954 |a odborná, vedecká literatúra pôvodná (slovenská)  |2 lita 
957 |a 3100 
958 |a article19 
958 |a OND 
958 |a RK 
958 |a CZ 
958 |a EUIPO 
992 |a RBX 
999 |c 2749721  |d 2751651